Các định lí điểm bất động

Enregistré dans:
Détails bibliographiques
Auteur principal: Đỗ Hồng Tân
Autres auteurs: Nguyễn Thị Thanh H (tác giả)
Format: Livre
Langue:Vietnamese
Publié: H. Đại Học Sư Phạm 2002
Sujets:
Tags: Ajouter un tag
Pas de tags, Soyez le premier à ajouter un tag!
Thư viện lưu trữ: Mạng thư viện Đại học Đà Nẵng
LEADER 01090nam a2200337 4500
001 000007680
003 3843
005 20121010091021.0
008 111011s2002 viesd
020 |c 11000đ 
041 0 |a vie 
082 |a 514.2  |b ĐÔ-T 
100 0 |a Đỗ Hồng Tân 
245 0 |a Các định lí điểm bất động  |c Đỗ Hồng Tân 
260 |a H.  |b Đại Học Sư Phạm  |c 2002 
300 |a 132 tr.  |c 19 cm 
653 |a Hình học 
653 |a Ánh xạ 
653 |a Định lí điểm bất động 
700 |a Nguyễn Thị Thanh Hà  |e tác giả 
910 |a Đỗ Phú Quý  |d 10/11/2011 
OWN |a LSP 
AVA |a UDN50  |b LSP  |d 514.2 ĐÔ-T  |e check_holdings  |t Error 5003 Not defined in file expand_doc_bib_avail.  |h N  |k 1 
999 |a From the UDN01 
AVA |a UDN50  |b LSP  |d 514.2 ĐÔ-T  |e available  |t Error 5001 Not defined in file expand_doc_bib_avail.  |f 19  |g 0  |h N  |i 1  |k 1 
TYP |a Monograph 
TYP |a Printed language 
980 |a Mạng thư viện Đại học Đà Nẵng